| 000 | 00516nam a22001937a 4500 | ||
|---|---|---|---|
| 003 | CEME | ||
| 005 | 20210628203756.0 | ||
| 008 | 210126b xxu||||| |||| 00| 0 eng d | ||
| 020 | _a81-203-2126-X | ||
| 040 | _c. | ||
| 082 | _a658.1554 ALE | ||
| 100 |
_aAlexander, Gordon J:Sharpe, William F:Bailey, Jeffery V _967247 |
||
| 245 | _aFundamentals of investment | ||
| 250 | _a3RD | ||
| 260 |
_aNEW DELHI _bPRENTICE HALL OF INDIA _c2003 |
||
| 300 | _aXXXI,781P | ||
| 650 |
_aINVESTMENT _964311 |
||
| 942 |
_cBK _2ddc |
||
| 999 |
_c575069 _d575069 |
||